000 01572nam a22002537a 4500
001 132543573543543649
003 UA-OsUOA
005 20260318122912.0
008 191007b -us||||| |||| 00| ddeng d
020 _a0451171128
040 _aUA-OsUOA
_beng
_cUA-OsUOA
_dUA-OsUOA
041 _aeng
080 _a821.111(73)
090 _a821.111(73)
_bW69
100 _aWilliams T.
_924524
245 _aCat on a Hot Tin Roof
_cTennessee Williams
260 _aNew York
_bA Signet Book
_c1985
300 _a160 p.
520 _aCat on a Hot Tin Roof first heated up Broadway in 1955 with its gothic American story of brothers vying for their dying father’s inheritance amid a whirlwind of sexuality, untethered in the person of Maggie the Cat. The play also daringly showcased the burden of sexuality repressed in the agony of her husband, Brick Pollitt. In spite of the public controversy Cat stirred up, it was awarded the Pulitzer Prize and the Drama Critics Circle Award for that year. Williams, as he so often did with his plays, rewrote Cat on a Hot Tin Roof for many years—the present version was originally produced at the American Shakespeare Festival in 1974 with all the changes that made Williams finally declare the text to be definitive, and was most recently produced on Broadway in the 2003–2004 season.
650 _a821 Художня література окремими мовами і мовними сім'ями
_917
942 _2udc
_cBK
955 _a3
999 _c279826
_d279826